| 000 | 00914nam a22002297a 4500 | ||
|---|---|---|---|
| 999 |
_c6869 _d6869 |
||
| 003 | AR-CdUCM | ||
| 008 | 190319b ||||| |||| 00| 0 spa d | ||
| 020 | _a84-267-0139-6 | ||
| 040 |
_aMUNICIPALIDAD PROVINCIAL DEL CUSCO _cBIBLIOTECA MUNICIPAL DEL CUSCO |
||
| 041 | _heng. | ||
| 082 |
_a631.38 / _bH62 |
||
| 100 |
_aHibberd, R.G. _919356 |
||
| 245 |
_aCircuitos integrados : _bCurso básico para ingenieros y técnicos / |
||
| 260 |
_aBarcelona : _bMarcombo Boixareu, _c1978. |
||
| 300 |
_a205 paginas ; _bIlustraciones, _c23 cm. |
||
| 505 | _aContenido :El impacto de los circuitos integrados --Tecnología del estado solido --Tecnología del circuito integrado --Circuitos lógicos digitales --Circuitos lógicos digitales ... | ||
| 650 |
_aCircuitos integrados _919357 |
||
| 650 |
_aCircuitos electrónicos _919358 |
||
| 700 |
_aGuillermo Arce ( traductor) _919359 |
||
| 942 |
_2ddc _cLIBROS |
||
| 945 | _arjall | ||